AH International Schools' Libraries

The red badge of courage / (Record no. 48426)

MARC details
000 -LEADER
fixed length control field 01418nam a2200301 4500
020 ## - INTERNATIONAL STANDARD BOOK NUMBER
International Standard Book Number 1402726635
020 ## - INTERNATIONAL STANDARD BOOK NUMBER
International Standard Book Number 9781402726637
040 ## - CATALOGING SOURCE
Original cataloging agency DLC
Transcribing agency DLC
Modifying agency DLC
042 ## - AUTHENTICATION CODE
Authentication code lcac
043 ## - GEOGRAPHIC AREA CODE
Geographic area code n-us-va
050 00 - LIBRARY OF CONGRESS CALL NUMBER
Classification number PZ7.H63337
Item number Red 2006
082 00 - DEWEY DECIMAL CLASSIFICATION NUMBER
Classification number [Fic]
Edition number 22
100 ## - MAIN ENTRY--PERSONAL NAME
Personal name Crane, Stephen,
Relator term author.
245 14 - TITLE STATEMENT
Title The red badge of courage /
Statement of responsibility, etc Retold from the Stephen Crane original by Oliver Ho ; illustrated by Jamel Akib.
260 ## - PUBLICATION, DISTRIBUTION, ETC. (IMPRINT)
Place of publication, distribution, etc New York, NY :
Name of publisher, distributor, etc Sterling Pub.,
Date of publication, distribution, etc 2006.
300 ## - PHYSICAL DESCRIPTION
Extent vii, 149 p. :
Other physical details ill. ;
Dimensions 20 cm.
490 ## - SERIES STATEMENT
Series statement Classic starts
520 ## - SUMMARY, ETC.
Summary, etc An abridged version of the tale set in the spring of 1863 when, while engaged in the fierce battle of Chancellorsville in Virginia, a young Union soldier matures to manhood and finds peace of mind as he comes to grips with his conflicting emotions about war.
650 #0 - SUBJECT ADDED ENTRY--TOPICAL TERM
Topical term or geographic name as entry element Chancellorsville, Battle of, Chancellorsville, Va., 1863
Form subdivision Juvenile fiction.
9 (RLIN) 86051
650 #1 - SUBJECT ADDED ENTRY--TOPICAL TERM
Topical term or geographic name as entry element Chancellorsville, Battle of, Chancellorsville, Va., 1863
Form subdivision Fiction.
9 (RLIN) 86052
650 #1 - SUBJECT ADDED ENTRY--TOPICAL TERM
Topical term or geographic name as entry element War
Form subdivision Fiction.
650 #1 - SUBJECT ADDED ENTRY--TOPICAL TERM
Topical term or geographic name as entry element Coming of age
Form subdivision Fiction.
651 #1 - SUBJECT ADDED ENTRY--GEOGRAPHIC NAME
Geographic name United States
General subdivision History
Chronological subdivision Civil War, 1861-1865
Form subdivision Fiction.
700 ## - ADDED ENTRY--PERSONAL NAME
Personal name Akib, Jamel,
Relator term ill.
9 (RLIN) 86039
700 ## - ADDED ENTRY--PERSONAL NAME
Personal name Crane, Stephen,
Dates associated with a name 1871-1900.
Title of a work Red badge of courage.
9 (RLIN) 86053
942 ## - ADDED ENTRY ELEMENTS (KOHA)
Source of classification or shelving scheme
Koha item type Book
Holdings
Withdrawn status Lost status Source of classification or shelving scheme Damaged status Not for loan Home library Current library Date acquired Total Checkouts Full call number Barcode Checked out Date last seen Date checked out Price effective from Koha item type
          Logos International School Logos International School 02/11/2025 2 J FIC CRA 040368 10/06/2025 09/16/2025 09/16/2025 02/11/2025 Book

For any Logos Library related questions please contact Miss Art at swongnarasuk@asianhope.org.

For any Asian Hope Library related questions please contact Miss Raza at graza@asianhope.org.

Powered by Koha